[Event "Olomouc Chess Summer 2024 - D1"]
[Site "Olomouc (CZE), Hotel Flora"]
[Date "2024.08.10"]
[Round "1"]
[Board "3"]
[White "Bartos, Jan"]
[Black "Ni, Polina"]
[Result "1-0"]
[WhiteElo "2072"]
[BlackElo "1894"]
[PlyCount "0"]
[EventDate "2024.08.10"]
[EventRounds "9"]
[EventCountry "CZE"]

1. c4 e5 2. Nc3 Nc6 3. Nf3 Nf6 4. g3 Bc5 5. Bg2 O-O 6. O-O Re8 7. e3 h6 8. d4 exd4
9. exd4 Bf8 10. d5 Nb8 11. Bf4 d6 12. h3 Bf5 13. Nd4 Bg6 14. Qd2 Na6 15. Nb3 Ne4
16. Nxe4 Bxe4 17. Bxe4 Rxe4 18. Rac1 Qd7 19. Kg2 Rae8 20. Be3 Be7 21. Na5 Bf6 22.
b3 h5 23. Nxb7 h4 24. Rce1 Qe7 25. Na5 Nb8 26. Bxa7 Rxe1 27. Rxe1 Qxe1 28. Qxe1 Rxe1
29. Bxb8 Bd4 30. Bxc7 Re2 31. gxh4 Rxf2+ 32. Kg3 Rxa2 33. Nc6 Bf2+ 34. Kf3 Kf8 35.
Bxd6+ Ke8 36. h5 Bg1 37. b4 Rc2 38. c5 Bh2 39. Bxh2 Rxh2 40. b5 Rxh3+ 41. Ke4 Rb3
42. b6 Rb1 43. Ke5 Kd7 44. Nb8+ Kc8 45. Na6 Kb7 46. Nc7 Rh1 47. Kd6 Rxh5 48. Ne8
Rg5 49. Nc7 Kc8 50. Kc6 Rg6+ 51. d6  1-0

[Event "Olomouc Chess Summer 2024 - D1"]
[Site "Olomouc (CZE), Hotel Flora"]
[Date "2024.08.10"]
[Round "1"]
[Board "4"]
[White "Rotrekl, Rostislav"]
[Black "Krejci, Jan"]
[Result "0-1"]
[WhiteElo "1885"]
[BlackElo "2061"]
[PlyCount "0"]
[EventDate "2024.08.10"]
[EventRounds "9"]
[EventCountry "CZE"]

1. d4 d5 2. Bf4 Nf6 3. e3 c6 4. c3 Bf5 5. Bd3 e6 6. Nf3 Bd6 7. Bxd6 Qxd6 8. Ne5 O-O
9. O-O Nbd7 10. f4 c5 11. Bxf5 exf5 12. Nd2 c4 13. Qc2 g6 14. b4 a5 15. a3 Rfe8 16.
Rfe1 Re6 17. Qb2 Nb6 18. Qc2 Qe7 19. Reb1 Ne8 20. Nf1 a4 21. Rc1 Nd6 22. Qe2 Nb5
23. Qf2 Nc8 24. Nf3 f6 25. h4 Ncd6 26. N3d2 Re8 27. Qf3 Ne4 28. Nxe4 Rxe4 29. Kf2
Kh8 30. Ra2 g5 31. g3 Qg7 32. Re2 Nc7 33. Nd2 R4e7 34. hxg5 fxg5 35. Rg1 Rg8 36.
Ree1 Re6 37. Rg2 Qd7 38. Qh5 Reg6 39. Qf3 Ne8 40. Rh1 Nf6 41. Re1 Re8 42. Ke2 Qe6
43. Kd1 gxf4 44. gxf4 Reg8 45. Rxg6 Rxg6 46. Re2 Qg8 47. Rh2 Rg3 48. Qe2 Ng4  0-1

[Event "Olomouc Chess Summer 2024 - D1"]
[Site "Olomouc (CZE), Hotel Flora"]
[Date "2024.08.10"]
[Round "1"]
[Board "5"]
[White "Vecera, Pavel"]
[Black "Hubeny, Pavel"]
[Result "1-0"]
[WhiteElo "2044"]
[BlackElo "1834"]
[PlyCount "0"]
[EventDate "2024.08.10"]
[EventRounds "9"]
[EventCountry "CZE"]

1. e4 e5 2. Nf3 Nc6 3. d4 exd4 4. Bc4 Bc5 5. c3 d3 6. Qxd3 d6 7. Bg5 Nf6 8. O-O Be6
9. Bxe6 fxe6 10. e5 dxe5 11. Qb5 Bb6 12. Nxe5 Qd5 13. Qxd5 exd5 14. Bxf6 gxf6 15.
Nxc6 bxc6 16. Nd2 Kf7 17. Rfe1 Rhe8 18. Nb3 c5 19. Kf1 Rad8 20. Rxe8 Rxe8 21. Rd1
c6 22. Nd2 Bc7 23. Re1 Rb8 24. b3 a5 25. g3 Be5 26. Rc1 f5 27. f4 Bf6 28. Ke2 h5
29. Kd3 h4 30. gxh4 Bxh4 31. Nf3 Bf6 32. Re1 Rh8 33. Rg1 Rh3 34. Rg3 Rh8 35. h4 Re8
36. Ng5+ Bxg5 37. Rxg5 Kf6 38. h5 c4+ 39. bxc4 dxc4+ 40. Kxc4 Re4+ 41. Kd3 Rxf4 42.
Rg6+ Kf7 43. Rxc6 Ra4 44. Ke3 Rxa2 45. Kf4 Rh2 46. Kg5 a4 47. Ra6 Rc2 48. Ra7+ Kg8
49. Kg6 Kf8 50. h6 Rxc3 51. Ra8+ Ke7 52. h7  1-0

[Event "Olomouc Chess Summer 2024 - D1"]
[Site "Olomouc (CZE), Hotel Flora"]
[Date "2024.08.11"]
[Round "2"]
[Board "1"]
[White "Tesar, Jan"]
[Black "Kolesar, Milan"]
[Result "1-0"]
[WhiteElo "1955"]
[BlackElo "2110"]
[PlyCount "0"]
[EventDate "2024.08.10"]
[EventRounds "9"]
[EventCountry "CZE"]

1. d4 d5 2. Nf3 Nf6 3. g3 c6 4. Bg2 Bf5 5. O-O e6 6. c4 Nbd7 7. Nh4 Be4 8. f3 Bxb1
9. Rxb1 dxc4 10. f4 Be7 11. e4 O-O 12. Qe2 Nb6 13. Be3 a5 14. Rbd1 Qc7 15. f5 Ne8
16. fxe6 fxe6 17. Qg4 Rxf1+ 18. Rxf1 Qd6 19. e5 Qd7 20. Be4 Bxh4 21. Qxh4 g6 22.
Kg2 Ng7 23. g4 Nd5 24. Bg5 a4 25. Rf3 a3 26. bxa3 c3 27. Rh3 Nf5 28. gxf5 exf5 29.
e6 Qxe6 30. Qxh7+ Kf8 31. Qh8+ Qg8 32. Bxd5  1-0

[Event "Olomouc Chess Summer 2024 - D1"]
[Site "Olomouc (CZE), Hotel Flora"]
[Date "2024.08.11"]
[Round "2"]
[Board "2"]
[White "Molnar, Jiri"]
[Black "Bartos, Jan"]
[Result "0-1"]
[WhiteElo "1953"]
[BlackElo "2072"]
[PlyCount "0"]
[EventDate "2024.08.10"]
[EventRounds "9"]
[EventCountry "CZE"]

1. e4 c5 2. Nc3 Nc6 3. f4 g6 4. Nf3 Bg7 5. Bb5 Nd4 6. O-O Nxb5 7. Nxb5 d5 8. exd5
a6 9. Nc3 Nf6 10. d3 Nxd5 11. Nxd5 Qxd5 12. Qe2 b5 13. Re1 e6 14. Be3 O-O 15. Ng5
Bb7 16. Ne4 Rae8 17. a4 f5 18. Nc3 Qc6 19. Kh1 e5  0-1

[Event "Olomouc Chess Summer 2024 - D1"]
[Site "Olomouc (CZE), Hotel Flora"]
[Date "2024.08.11"]
[Round "2"]
[Board "3"]
[White "Krejci, Jan"]
[Black "Pribyl, Rene"]
[Result "1-0"]
[WhiteElo "2061"]
[BlackElo "1938"]
[PlyCount "0"]
[EventDate "2024.08.10"]
[EventRounds "9"]
[EventCountry "CZE"]

1. Nf3 c5 2. c4 Nc6 3. d4 cxd4 4. Nxd4 g6 5. Nc3 Bg7 6. e3 Nf6 7. g3 O-O 8. Bg2 Rb8
9. O-O a6 10. b3 Nxd4 11. exd4 d6 12. Bf4 b6 13. Rc1 Bb7 14. d5 Qd7 15. Re1 Rfe8
16. Qd3 Qc7 17. Ne2 Bc8 18. b4 Nd7 19. Nd4 Ne5 20. Qe4 Bd7 21. Nc6 Nxc6 22. dxc6
Be6 23. Qd3 b5 24. c5 Red8 25. Re2 Rbc8 26. Rd2 Bf8 27. h4 h5 28. Be4 Kh7 29. Rcd1
Bg4 30. Rc1 Be6 31. Qa3 Ra8 32. Qd3 Bc4 33. Qc2 Bh6 34. cxd6 exd6 35. Bxh6 Kxh6 36.
Rd4 d5 37. Bxd5 Kh7 38. Rcd1 Qe5 39. Bxf7  1-0

[Event "Olomouc Chess Summer 2024 - D1"]
[Site "Olomouc (CZE), Hotel Flora"]
[Date "2024.08.11"]
[Round "2"]
[Board "4"]
[White "Malinovsky, Petr"]
[Black "Vecera, Pavel"]
[Result "0-1"]
[WhiteElo "1945"]
[BlackElo "2044"]
[PlyCount "0"]
[EventDate "2024.08.10"]
[EventRounds "9"]
[EventCountry "CZE"]

1. d4 Nf6 2. c4 g6 3. f3 d5 4. cxd5 Nxd5 5. e4 Nb6 6. Nc3 Bg7 7. Be3 O-O 8. Qd2 Nc6
9. O-O-O e5 10. d5 Nd4 11. f4 Bg4 12. Re1 c5 13. dxc6 bxc6 14. fxe5 Bxe5 15. Kb1
Rb8 16. h3 Be6 17. Nf3 Nxf3 18. Qxd8 Rfxd8 19. gxf3 Bxc3 20. bxc3 Nc4+ 21. Kc1 Na3
22. Bd4 c5  0-1

[Event "Olomouc Chess Summer 2024 - D1"]
[Site "Olomouc (CZE), Hotel Flora"]
[Date "2024.08.11"]
[Round "2"]
[Board "5"]
[White "Linik, Yaron"]
[Black "Kastner, Oldrich"]
[Result "0-1"]
[WhiteElo "1933"]
[BlackElo "1986"]
[PlyCount "0"]
[EventDate "2024.08.10"]
[EventRounds "9"]
[EventCountry "CZE"]

1. e4 e6 2. d4 d5 3. Nd2 Nf6 4. e5 Nfd7 5. Bd3 c5 6. c3 Nc6 7. Ne2 a6 8. Nf3 b5 9.
a3 Be7 10. h4 Qb6 11. Bc2 a5 12. Nf4 Ba6 13. Ng5 Bxg5 14. hxg5 cxd4 15. g6 O-O-O
16. gxf7 Ncxe5 17. cxd4 Nxf7 18. O-O g5 19. Nh5 Kb8 20. Re1 e5 21. dxe5 Ndxe5 22.
Bxg5 Nxg5 23. Rxe5 Rhg8 24. Ng3 Nh3+  0-1

[Event "Olomouc Chess Summer 2024 - D1"]
[Site "Olomouc (CZE), Hotel Flora"]
[Date "2024.08.11"]
[Round "3"]
[Board "1"]
[White "Bartos, Jan"]
[Black "Tesar, Jan"]
[Result "1-0"]
[WhiteElo "2072"]
[BlackElo "1955"]
[PlyCount "0"]
[EventDate "2024.08.10"]
[EventRounds "9"]
[EventCountry "CZE"]

1. Nf3 c5 2. c4 Nf6 3. g3 e6 4. Bg2 Be7 5. O-O O-O 6. d4 cxd4 7. Nxd4 a6 8. Nc3 Qc7
9. Bf4 d6 10. Nb3 Nbd7 11. Rc1 Nc5 12. Nxc5 Qxc5 13. Na4 Qa5 14. Qb3 Nd7 15. Rfd1
Nc5 16. Nxc5 Qxc5 17. Qa4 Rd8 18. b4 Qa7 19. Bxd6 Bd7 20. Qb3 Ba4 21. Qxa4 Rxd6 22.
Rxd6 Bxd6 23. c5 Bf8 24. Qd7 a5 25. Qxb7  1-0

[Event "Olomouc Chess Summer 2024 - D1"]
[Site "Olomouc (CZE), Hotel Flora"]
[Date "2024.08.11"]
[Round "3"]
[Board "2"]
[White "Kastner, Oldrich"]
[Black "Krejci, Jan"]
[Result "1-0"]
[WhiteElo "1986"]
[BlackElo "2061"]
[PlyCount "0"]
[EventDate "2024.08.10"]
[EventRounds "9"]
[EventCountry "CZE"]

1. d4 Nf6 2. Nf3 g6 3. Bg5 Bg7 4. c3 O-O 5. Nbd2 d5 6. e3 Nbd7 7. Bd3 c5 8. O-O b6
9. Re1 Bb7 10. Qb1 Re8 11. e4 dxe4 12. Nxe4 Qc7 13. Qc1 Rac8 14. dxc5 Nxc5 15. Nxc5
Qxc5 16. Be3 Qh5 17. Be2 Ng4 18. Bf4 Qc5 19. Bg3 e5 20. h3 Nh6 21. Nh4 f5 22. Qe3
Qe7 23. Bb5 Rf8 24. Rad1 f4 25. Bxf4 Qf6 26. Bg5 Qf7 27. Rd7 Qxa2 28. Bxh6  1-0

[Event "Olomouc Chess Summer 2024 - D1"]
[Site "Olomouc (CZE), Hotel Flora"]
[Date "2024.08.11"]
[Round "3"]
[Board "3"]
[White "Vecera, Pavel"]
[Black "Richter, Martin"]
[Result "1/2-1/2"]
[WhiteElo "2044"]
[BlackElo "1921"]
[PlyCount "0"]
[EventDate "2024.08.10"]
[EventRounds "9"]
[EventCountry "CZE"]

1. e4 e6 2. d4 d5 3. Nc3 Bb4 4. Nge2 dxe4 5. a3 Be7 6. Nxe4 Nf6 7. N2g3 Nc6 8. Be3
O-O 9. Bc4 e5 10. d5 Na5 11. Ba2 b6 12. Qf3 Nb7 13. Nxf6+ Bxf6 14. O-O-O Nd6 15.
Nh5 Bf5 16. Nxf6+ Qxf6 17. g4 Bg6 18. Qxf6 gxf6 19. Rhg1 Kg7 20. h4 h6 21. c4 Rh8
22. h5 Be4 23. Rg3 f5 24. gxf5+ Kf6 25. f4 Nxf5 26. fxe5+ Kxe5 27. Bf2 Rhg8 28. Rxg8
Rxg8 29. Be1 Rg2 30. Bc3+ Kd6 31. Re1 Ng3 32. Bb4+ Kd7 33. Bb3 f5 34. Ba4+ Kc8 35.
Bd2 Ne2+ 36. Kd1 Bf3 37. Kc2 Be4+ 38. Kd1 Bf3 39. Kc2 Bg4 40. Kb1 Bxh5 41. Bd1 f4
42. Bxe2 Bxe2 43. Bxf4 h5 44. b3 h4 45. Rh1 Rg4 46. Be5 Bf3 47. Rf1 Be4+ 48. Kc1
h3 49. Rf8+ Kd7 50. Rf7+ Ke8 51. Rf2 Rg2 52. Rxg2 hxg2  1/2-1/2

[Event "Olomouc Chess Summer 2024 - D1"]
[Site "Olomouc (CZE), Hotel Flora"]
[Date "2024.08.11"]
[Round "3"]
[Board "4"]
[White "Simecek, Bohumil"]
[Black "Leszner, Liliana"]
[Result "1-0"]
[WhiteElo "1980"]
[BlackElo "1976"]
[PlyCount "0"]
[EventDate "2024.08.10"]
[EventRounds "9"]
[EventCountry "CZE"]

1. d4 d5 2. Nf3 c5 3. e3 Nc6 4. Be2 Nf6 5. O-O Bg4 6. c3 e6 7. Nbd2 Qc7 8. h3 Bh5
9. dxc5 Bxc5 10. b4 Bd6 11. a3 Rd8 12. Bb2 e5 13. c4 dxc4 14. g4 e4 15. Nd4 Nxd4
16. Bxd4 Bh2+ 17. Kg2 Rxd4 18. exd4 e3 19. Qa4+ Kd8 20. Nf3 Ne4 21. Nxh2 exf2 22.
Qa5 b6 23. Qd5+ Nd6 24. gxh5 Re8 25. Rxf2 Kc8 26. Bf3 Kd7 27. Re2 Re6 28. Rxe6 fxe6
29. Bg4  1-0

[Event "Olomouc Chess Summer 2024 - D1"]
[Site "Olomouc (CZE), Hotel Flora"]
[Date "2024.08.12"]
[Round "4"]
[Board "1"]
[White "Simecek, Bohumil"]
[Black "Bartos, Jan"]
[Result "1/2-1/2"]
[WhiteElo "1980"]
[BlackElo "2072"]
[PlyCount "0"]
[EventDate "2024.08.10"]
[EventRounds "9"]
[EventCountry "CZE"]

1. d4 Nf6 2. Nf3 g6 3. Bf4 Bg7 4. e3 O-O 5. h3 c5 6. c3 Qb6 7. Qb3 Qxb3 8. axb3 cxd4
9. exd4 Nc6 10. b4 Nd5 11. Bg3 e5 12. dxe5 Nxe5 13. Be2 Nxf3+ 14. Bxf3 Re8+ 15. Kd1
Nb6 16. Nd2 d5 17. Re1 Rxe1+ 18. Kxe1 Be6 19. Bf4 Re8 20. Rxa7 d4 21. c4 d3 22. Be3
Nxc4 23. Nxc4 Bxc4 24. Bxb7 Bxb2 25. Kd2 Kg7 26. Bc6 Rb8 27. b5 Bxb5 28. Bxb5 Rxb5
 1/2-1/2

[Event "Olomouc Chess Summer 2024 - D1"]
[Site "Olomouc (CZE), Hotel Flora"]
[Date "2024.08.12"]
[Round "4"]
[Board "2"]
[White "Richter, Martin"]
[Black "Kastner, Oldrich"]
[Result "0-1"]
[WhiteElo "1921"]
[BlackElo "1986"]
[PlyCount "0"]
[EventDate "2024.08.10"]
[EventRounds "9"]
[EventCountry "CZE"]

1. e4 e6 2. d4 d5 3. e5 c5 4. c3 Qb6 5. Nf3 Nc6 6. Be2 Bd7 7. O-O Rc8 8. h4 Nh6 9.
b3 cxd4 10. cxd4 Nf5 11. Be3 Be7 12. g4 Nxe3 13. fxe3 Nb4 14. Nbd2 Rc3 15. Rc1 Nxa2
16. Rc2 Rxc2 17. Qxc2 Nb4 18. Qb1 Bb5 19. Qe1 Bxe2 20. Qxe2 Qa6 21. Qf2 Nd3 22. Qe2
O-O 23. g5 Nb4 24. Qf2 Qd3 25. Ne1 Qg6 26. Qg3 Rc8 27. Nef3 h5 28. Qf4 Nd3 29. Qh2
Rc2 30. Qe2 Bb4 31. Qd1 Rb2 32. Qe2 Qf5 33. Ne1 Qh3 34. Qf3 Qxf3 35. Ndxf3 Nxe1 36.
Nxe1 Bxe1 37. Rxe1 Rxb3 38. Kf2 a5 39. Rc1 a4 40. Rc8+ Kh7 41. Ra8 a3 42. Kf3 b5
43. Kf4 b4 44. e4 dxe4 45. Kxe4 Rb1 46. Ra4 b3  0-1

[Event "Olomouc Chess Summer 2024 - D1"]
[Site "Olomouc (CZE), Hotel Flora"]
[Date "2024.08.12"]
[Round "4"]
[Board "3"]
[White "Wiley, Tom E"]
[Black "Vecera, Pavel"]
[Result "0-1"]
[WhiteElo "2107"]
[BlackElo "2044"]
[PlyCount "0"]
[EventDate "2024.08.10"]
[EventRounds "9"]
[EventCountry "CZE"]

1. d4 d5 2. c4 e6 3. Nc3 c5 4. cxd5 exd5 5. Nf3 Nc6 6. dxc5 Nf6 7. Be3 Bg4 8. Nd4
Qa5 9. Nb3 Qb4 10. Bd2 Bxc5 11. h3 Be6 12. e3 d4 13. Nb5 Bxb3 14. axb3 O-O-O 15.
Bxb4 Bxb4+ 16. Ke2 dxe3 17. Qc1 Kb8 18. fxe3 Rhe8 19. Ra4 Ne4 20. Rxb4 Nxb4 21. Nc3
Nd3 22. Qc2 Ng3+ 23. Kf3 Ne1+ 24. Kxg3 Nxc2  0-1

[Event "Olomouc Chess Summer 2024 - D1"]
[Site "Olomouc (CZE), Hotel Flora"]
[Date "2024.08.12"]
[Round "4"]
[Board "4"]
[White "Linik, Yaron"]
[Black "Kolesar, Milan"]
[Result "1/2-1/2"]
[WhiteElo "1933"]
[BlackElo "2110"]
[PlyCount "0"]
[EventDate "2024.08.10"]
[EventRounds "9"]
[EventCountry "CZE"]

1. e4 c5 2. c3 d5 3. exd5 Qxd5 4. d4 e6 5. Nf3 Nf6 6. Na3 Nc6 7. Be2 Qd8 8. dxc5
Qxd1+ 9. Bxd1 Bxc5 10. Nc4 b5 11. Be3 Bxe3 12. Nxe3 Bb7 13. a4 b4 14. a5 bxc3 15.
bxc3 Rc8 16. O-O Ke7 17. Re1 Rhd8 18. a6 Ba8 19. Ba4 Kf8 20. Red1 Ne4 21. Bxc6 Bxc6
22. Rxd8+ Rxd8 23. Ne5 Ba8 24. c4 f6 25. Nf3 Ke7 26. Kf1 Nc5 27. Ra5 Nd3 28. Nc2
Bxf3 29. gxf3 Rc8 30. Na3 Rc6 31. Nb5 Nb4 32. Ra4 Rxc4 33. Nxa7 Rc1+ 34. Kg2 Nd5
35. Nb5 Rc8 36. a7 Ra8 37. Ra6 g5 38. Rc6 h5 39. h4 Kd7 40. Rd6+ Ke7 41. Rc6 Kd7
42. Rd6+ Ke7 43. Rc6  1/2-1/2

[Event "Olomouc Chess Summer 2024 - D1"]
[Site "Olomouc (CZE), Hotel Flora"]
[Date "2024.08.13"]
[Round "5"]
[Board "1"]
[White "Kastner, Oldrich"]
[Black "Bartos, Jan"]
[Result "0-1"]
[WhiteElo "1986"]
[BlackElo "2072"]
[PlyCount "0"]
[EventDate "2024.08.10"]
[EventRounds "9"]
[EventCountry "CZE"]

1. d4 Nf6 2. Nf3 g6 3. Bg5 Bg7 4. c3 O-O 5. Nbd2 h6 6. Bh4 d6 7. e4 c5 8. dxc5 dxc5
9. Be2 Nc6 10. Qc2 Nh5 11. Rd1 Nf4 12. Bf1 Qc7 13. Bg3 b6 14. Bxf4 Qxf4 15. Be2 Bb7
16. O-O Rad8 17. g3 Qc7 18. Nc4 Nb8 19. Rfe1 Nd7 20. Nh4 a6 21. a4 Bc6 22. Ne3 Qb7
23. Rd2 Bxe4 24. Bxa6 Bxc2 25. Bxb7 Bxa4 26. Nd5 e6 27. Ne7+ Kh7 28. Bc6 Bxc6 29.
Nxc6 Rc8 30. Rxd7 Rxc6 31. Ra1 g5 32. Ng2 Be5 33. Raa7 Kg6 34. Ne3 c4 35. Nc2 Rd6
36. Na3 Rxd7 37. Rxd7 Rc8 38. Rb7 Rc6 39. Kf1 Bd6 40. Nb5 Bc5 41. Ke2 g4 42. Rb8
e5 43. f3 gxf3+ 44. Kxf3 Rf6+ 45. Ke4 Rf2 46. h4 Rxb2 47. Nc7 Re2+ 48. Kd5 Re3 49.
Kxc4 Kf5 50. Rg8 Re4+ 51. Kd5 Rg4 52. Rh8 Rxg3 53. Rxh6 Rxc3 54. Ne8 Rd3+ 55. Kc6
e4  0-1

[Event "Olomouc Chess Summer 2024 - D1"]
[Site "Olomouc (CZE), Hotel Flora"]
[Date "2024.08.13"]
[Round "5"]
[Board "2"]
[White "Vecera, Pavel"]
[Black "Simecek, Bohumil"]
[Result "1/2-1/2"]
[WhiteElo "2044"]
[BlackElo "1980"]
[PlyCount "0"]
[EventDate "2024.08.10"]
[EventRounds "9"]
[EventCountry "CZE"]

1. e4 c6 2. d4 d5 3. exd5 cxd5 4. c4 Nf6 5. Nc3 g6 6. Nf3 Bg7 7. cxd5 O-O 8. Be2
Nxd5 9. Qb3 Nb6 10. Bg5 Be6 11. Qa3 Nc6 12. Rd1 Nd5 13. O-O Qa5 14. Qxa5 Nxa5 15.
Ne4 h6 16. Bd2 Nc6 17. Nc5 Bc8 18. Nb3 b6 19. Rfe1 Bb7 20. Bc4 Rfd8 21. Ne5 e6 22.
Rc1 Rac8 23. Bb5 Nb8 24. Rxc8 Rxc8 25. Rc1  1/2-1/2

[Event "Olomouc Chess Summer 2024 - D1"]
[Site "Olomouc (CZE), Hotel Flora"]
[Date "2024.08.13"]
[Round "5"]
[Board "3"]
[White "Heller, Jan"]
[Black "Krejci, Jan"]
[Result "1-0"]
[WhiteElo "1929"]
[BlackElo "2061"]
[PlyCount "0"]
[EventDate "2024.08.10"]
[EventRounds "9"]
[EventCountry "CZE"]

1. d4 d6 2. c4 g6 3. Nc3 Bg7 4. e4 Nd7 5. g3 b6 6. Bg2 e5 7. d5 Ne7 8. Nge2 O-O 9.
O-O h6 10. Be3 f5 11. Qd2 Kh7 12. f4 Bb7 13. Rab1 a5 14. b3 h5 15. fxe5 dxe5 16.
Bg5 Nf6 17. Rbd1 Nc8 18. Nb5 Qd7 19. Nec3 Nd6 20. Nxd6 cxd6 21. Rde1 Bc8 22. Qe3
Rb8 23. h3 Qb7 24. Nb5 Ne8 25. Nc3 Bf6 26. Kh2 Qe7 27. Bxf6 Nxf6 28. Na4 Qd8 29.
Nc3 Kg7 30. Kg1 Bd7 31. Rf2 fxe4 32. Nxe4 Nxe4 33. Rxf8 Qxf8 34. Qxe4 b5 35. c5 Bf5
36. Qe3 dxc5 37. Qxe5+ Kh6 38. Qf4+ g5 39. Qe3 Kg6 40. g4 hxg4 41. hxg4 Bxg4 42.
Be4+ Kh6 43. Kg2 Qf6 44. Rh1+ Kg7 45. Qxc5 Rf8 46. Qc7+ Rf7 47. Rh7+ Kg8 48. Rxf7
Qxf7 49. Qd8+ Qf8 50. Qxg5+ Qg7 51. Qxg7+ Kxg7 52. Kg3 Bd7 53. Kf4 Kf6 54. Bh7 b4
55. Ke4 Ke7 56. Ke5 a4 57. Bf5 axb3 58. axb3 Be8 59. d6+ Kd8 60. Kd5 Bb5 61. Kc5
Bd7 62. Bc2 Be6 63. Kxb4 Kd7 64. Kc5 Bh3 65. Be4 Kc8 66. b4 Bg4 67. b5 Bh3 68. b6
Kb8 69. Bc6 Bg4 70. d7 Bxd7 71. Bxd7 Kb7 72. Kb5 Kb8 73. Bc6 Kc8 74. Ka6 Kb8 75.
Bf3 Kc8 76. Ka7  1-0

[Event "Olomouc Chess Summer 2024 - D1"]
[Site "Olomouc (CZE), Hotel Flora"]
[Date "2024.08.13"]
[Round "5"]
[Board "4"]
[White "Kolesar, Milan"]
[Black "Richter, Martin"]
[Result "1-0"]
[WhiteElo "2110"]
[BlackElo "1921"]
[PlyCount "0"]
[EventDate "2024.08.10"]
[EventRounds "9"]
[EventCountry "CZE"]

1. Nf3 e6 2. c4 b6 3. g3 Bb7 4. Bg2 Nf6 5. O-O d5 6. d4 Nbd7 7. Ne5 c6 8. Nxd7 Qxd7
9. Qa4 b5 10. cxb5 cxb5 11. Qb3 Be7 12. Bf4 O-O 13. Nd2 Rfc8 14. Nf3 a5 15. Ne5 Qe8
16. Rfc1 Ba6 17. a3 Rxc1+ 18. Rxc1 Rc8 19. Rxc8 Qxc8 20. Bd2 Qc7 21. Bf3 Ne8 22.
Qc3 Qxc3 23. Bxc3 b4 24. axb4 Bxb4 25. Bxb4 axb4 26. Nc6 b3 27. Na5 Nd6 28. Nxb3
Nc4 29. Nc5 Bb5 30. b3 Nd2 31. Kg2 Kf8 32. g4 Ke7 33. e3 Kd6 34. Bd1 e5 35. f3 g6
36. Kf2 Nb1 37. Ke1 f5 38. gxf5 gxf5 39. Bc2 exd4 40. exd4 Nc3 41. Nd3 Bd7 42. Kd2
Nb5 43. Ke3 f4+ 44. Nxf4  1-0

[Event "Olomouc Chess Summer 2024 - D1"]
[Site "Olomouc (CZE), Hotel Flora"]
[Date "2024.08.14"]
[Round "6"]
[Board "1"]
[White "Bartos, Jan"]
[Black "Vecera, Pavel"]
[Result "1/2-1/2"]
[WhiteElo "2072"]
[BlackElo "2044"]
[PlyCount "0"]
[EventDate "2024.08.10"]
[EventRounds "9"]
[EventCountry "CZE"]

1. d4 d5 2. c4 e6 3. Nf3 Nf6 4. g3 c5 5. cxd5 exd5 6. Bg2 Nc6 7. O-O Be7 8. dxc5
Bxc5 9. a3 a5 10. Qc2 Be7 11. Nc3 O-O 12. Rd1 Qb6 13. Nxd5 Nxd5 14. Rxd5 Be6 15.
Be3 Qa6 16. Ng5 Bxg5 17. Rxg5 Rfd8 18. Rc5 Nd4 19. Bxd4 Rxd4 20. e3 Rdd8 21. Rc1
Rab8 22. Bf1 Qa8 23. Bc4 b6 24. Rc7 Bxc4 25. Qxc4 Qf3 26. Qc6 Qxc6 27. R1xc6 g6 28.
Rf6 Rf8 29. g4 Kg7 30. g5 h6 31. h4 hxg5 32. hxg5 Rbe8 33. Rxb6 Re5 34. b4 Rxg5+
35. Kf1 axb4 36. axb4 Ra8 37. Rc5 Rxc5 38. bxc5 Rc8 39. c6 Kf6 40. Ke2 Ke5 41. Kd3
Kd5 42. e4+ Kc5 43. Rb7 f6 44. Rg7 Rxc6 45. Rxg6 Re6 46. f4 Ra6 47. e5 Kd5 48. exf6
Ra3+ 49. Ke2 Ke6 50. f5+ Kf7 51. Kf2  1/2-1/2

[Event "Olomouc Chess Summer 2024 - D1"]
[Site "Olomouc (CZE), Hotel Flora"]
[Date "2024.08.14"]
[Round "6"]
[Board "2"]
[White "Simecek, Bohumil"]
[Black "Kastner, Oldrich"]
[Result "1/2-1/2"]
[WhiteElo "1980"]
[BlackElo "1986"]
[PlyCount "0"]
[EventDate "2024.08.10"]
[EventRounds "9"]
[EventCountry "CZE"]

1. d4 Nf6 2. c4 e6 3. Nc3 Bb4 4. Qc2 c5 5. dxc5 Bxc5 6. Nf3 b6 7. Bg5 Bb7 8. e3 h6
9. Bh4 Nc6 10. a3 Be7  1/2-1/2

[Event "Olomouc Chess Summer 2024 - D1"]
[Site "Olomouc (CZE), Hotel Flora"]
[Date "2024.08.14"]
[Round "6"]
[Board "3"]
[White "Leszner, Liliana"]
[Black "Heller, Jan"]
[Result "1/2-1/2"]
[WhiteElo "1976"]
[BlackElo "1929"]
[PlyCount "0"]
[EventDate "2024.08.10"]
[EventRounds "9"]
[EventCountry "CZE"]

1. b3 e6 2. Bb2 b6 3. c4 Bb7 4. Nf3 Nf6 5. g3 g6 6. Bg2 Bg7 7. O-O O-O 8. d3 d6 9.
Nbd2 Nbd7 10. e4 e5 11. Nh4 Nc5 12. Nb1 Ne6 13. Qe1 Nh5 14. Nc3 Nhf4 15. Rd1 Nxg2
16. Nxg2 f5 17. f4 Qd7 18. Nd5 c6 19. Nde3 exf4 20. Bxg7 Qxg7 21. exf5 fxe3 22. fxe6
Rxf1+ 23. Qxf1 Rf8 24. Qe2 Qe5 25. Qxe3 Qxe3+ 26. Nxe3 Re8 27. d4 Rxe6 28. Kf2 Rf6+
29. Ke2 Bc8 30. Rf1 Rxf1  1/2-1/2

[Event "Olomouc Chess Summer 2024 - D1"]
[Site "Olomouc (CZE), Hotel Flora"]
[Date "2024.08.14"]
[Round "6"]
[Board "4"]
[White "Bednar, Jan"]
[Black "Kolesar, Milan"]
[Result "1-0"]
[WhiteElo "1972"]
[BlackElo "2110"]
[PlyCount "0"]
[EventDate "2024.08.10"]
[EventRounds "9"]
[EventCountry "CZE"]

1. d4 d5 2. c4 c6 3. cxd5 cxd5 4. Nc3 Nf6 5. Bf4 Nc6 6. e3 a6 7. Bd3 Bg4 8. Nge2
e6 9. h3 Bh5 10. O-O Be7 11. Rc1 O-O 12. Na4 Nd7 13. a3 Bg6 14. Bxg6 hxg6 15. b4
Nb6 16. Nxb6 Qxb6 17. Nc3 Rfc8 18. Qe2 a5 19. Na4 Qa7 20. b5 Nxd4 21. Qd3 Nxb5 22.
Qxb5 Bxa3 23. Rb1 Bb4 24. Rxb4 axb4 25. Nb6 Qa6 26. Qxb4 Rc6 27. Nxa8 Qxa8 28. Rb1
b6 29. Be5 Qb7 30. Bd4 b5 31. Rb2 Qc7 32. f4 g5 33. Qxb5 gxf4 34. Qb8+ Kh7 35. Qxc7
 1-0

[Event "Olomouc Chess Summer 2024 - D1"]
[Site "Olomouc (CZE), Hotel Flora"]
[Date "2024.08.15"]
[Round "7"]
[Board "1"]
[White "Heller, Jan"]
[Black "Bartos, Jan"]
[Result "0-1"]
[WhiteElo "1929"]
[BlackElo "2072"]
[PlyCount "0"]
[EventDate "2024.08.10"]
[EventRounds "9"]
[EventCountry "CZE"]

1. d4 Nf6 2. c4 g6 3. Nc3 Bg7 4. e4 d6 5. g3 O-O 6. Bg2 c5 7. Nge2 cxd4 8. Nxd4 Nc6
9. Nc2 a6 10. O-O Rb8 11. Rb1 Be6 12. Nd5 b5 13. cxb5 axb5 14. b4 Ne5 15. Nd4 Bd7
16. Ne3 Qb6 17. Ne2 Rfc8 18. Bb2 Nc4 19. Bd4 Nxe3 20. Bxe3 Qa6 21. Qd2 Be6 22. Nc3
Ng4 23. Nd5 Bxd5 24. exd5 Nxe3 25. Qxe3 Bf6 26. Rbc1 Qxa2 27. Rc6 Qb2 28. Qc1 Rd8
29. Qxb2 Bxb2 30. Rb1 Bd4 31. Rd1 Bf6 32. h4 h6 33. Bf1 Rd7 34. Rdc1 Kg7 35. Rc8
Rxc8 36. Rxc8 Rb7 37. Ra8 Bd4 38. Kg2 Kf6 39. Ra5 Rc7 40. Ra2 Ke5 41. Bxb5 Kxd5 42.
Be2 e5 43. b5 f5 44. Rd2 e4 45. Ra2 g5 46. hxg5 hxg5 47. Bh5 f4 48. Kh3 Ke5 49. Kg4
Rc3 50. gxf4+ gxf4 51. Kg5 Rc8 52. Bg6 Rc1 53. Re2 Rg1 54. Kh5 d5 55. Bf7 Rg2 56.
Rd2 e3 57. fxe3 Rxd2 58. exd4+ Kxd4 59. Kg4 Ke3 60. b6 f3 61. b7 Rb2 62. Bxd5 f2
 0-1

[Event "Olomouc Chess Summer 2024 - D1"]
[Site "Olomouc (CZE), Hotel Flora"]
[Date "2024.08.15"]
[Round "7"]
[Board "2"]
[White "Vecera, Pavel"]
[Black "Kastner, Oldrich"]
[Result "1/2-1/2"]
[WhiteElo "2044"]
[BlackElo "1986"]
[PlyCount "0"]
[EventDate "2024.08.10"]
[EventRounds "9"]
[EventCountry "CZE"]

1. e4 Nf6 2. e5 Nd5 3. d4 d6 4. Nf3 Bg4 5. Be2 c6 6. O-O Bxf3 7. Bxf3 dxe5 8. dxe5
e6 9. Qe2 Nd7 10. c4 Ne7 11. b3 Ng6 12. Bb2 Qc7 13. Bh5 Bc5 14. Bxg6 hxg6 15. Nd2
Rh5 16. g4 Rh4 17. Kg2 f5 18. h3 O-O-O 19. Nf3 Rhh8 20. g5 Rh5 21. a3 Be7 22. Qe3
c5 23. Qf4 Qc6 24. h4 Qe4 25. Kg3 Qc2 26. Rab1 Qxb3 27. Rfc1 Nb6 28. Bc3 Qa4 29.
Bd2 Rd3 30. Rb5 Kb8 31. Rcb1 Rh8 32. Ba5 Rhd8 33. Bxb6 axb6 34. Rxb6 R8d7 35. Kg2
Qxa3 36. Rxe6  1/2-1/2